[Event "ONJK 2017 B"]
[Site "Borne, Netherlands"]
[Date "2017.08.08"]
[Round "3"]
[White "Heij, Abedin"]
[Black "Vermet, Thomas"]
[Result "1-0"]
[WhiteElo "1594"]
[BlackElo "1137"]
[PlyCount "119"]
[EventDate "2017.08.??"]

1. d4 d5 2. c4 e6 3. Nc3 Nc6 4. Nf3 f6 5. e3 Nge7 6. Be2 e5 7. dxe5 dxc4 8.
Qxd8+ Nxd8 9. exf6 gxf6 10. Bxc4 Ndc6 11. O-O Bd7 12. Ne4 Bg7 13. Rb1 b6 14.
Ng3 O-O-O 15. Bd2 Kb8 16. Bc3 Rhf8 17. Rbd1 Ne5 18. Nxe5 fxe5 19. Rd2 Bc6 20.
Rfd1 Rxd2 21. Rxd2 Nc8 22. Bb4 Rh8 23. Nf5 Bf6 24. Bc3 Be4 25. Be6 Re8 26. Bxc8
Kxc8 27. Ng3 Bg6 28. f3 Bg5 29. Kf2 c6 30. Ne2 Bf6 31. Rd6 Bh4+ 32. g3 Rd8 33.
Rxd8+ Bxd8 34. Bxe5 Kd7 35. e4 Ke6 36. Bc3 Bc7 37. Nf4+ Kf7 38. Nxg6 hxg6 39.
f4 Ke6 40. Kf3 c5 41. Kg4 Bd8 42. f5+ Kf7 43. f6 Bxf6 44. Bxf6 Kxf6 45. h4 a5
46. h5 gxh5+ 47. Kxh5 a4 48. Kg4 a3 49. b3 b5 50. Kf3 c4 51. b4 c3 52. Ke3 c2
53. Kd2 Ke5 54. Kxc2 Kxe4 55. Kc3 Ke5 56. Kb3 Kf5 57. Kxa3 Kg4 58. Kb3 Kxg3 59.
a4 bxa4+ 60. Kxa4 1-0

[Event "ONJK 2017 B"]
[Site "Borne, Netherlands"]
[Date "2017.08.08"]
[Round "3"]
[White "Damen, Sven"]
[Black "Hofstra, Remmelt"]
[Result "1-0"]
[WhiteElo "1544"]
[BlackElo "815"]
[PlyCount "79"]
[EventDate "2017.08.??"]

1. e4 e5 2. Nf3 a6 3. Nxe5 Nf6 4. Nc3 Bb4 5. d3 Qe7 6. Nf3 Nc6 7. Be2 O-O 8. a3
Bc5 9. Bg5 h6 10. Bh4 Ne5 11. Nd5 Qd6 12. Nxf6+ Kh8 13. Nxe5 Qxe5 14. Qc1 b5
15. Ng4 Qh5 16. Bg3 d5 17. Ne3 Qg5 18. Nxd5 Qxc1+ 19. Rxc1 b4 20. axb4 Bd4 21.
c3 Ba7 22. Nxc7 Rb8 23. Nxa6 Bxa6 24. Bxb8 Rxb8 25. Ra1 Rb6 26. O-O Bb8 27.
Rfe1 Bb7 28. Bg4 Rb5 29. d4 Rg5 30. Bf3 f5 31. Ra5 h5 32. h4 Rg6 33. Rb5 Bxe4
34. Rxb8+ Kh7 35. Rxe4 Ra6 36. Re2 Ra1+ 37. Kh2 f4 38. Bxh5 g6 39. Re7+ Kh6 40.
Rh8# 1-0

[Event "ONJK 2017 B"]
[Site "Borne, Netherlands"]
[Date "2017.08.08"]
[Round "3"]
[White "Joosse, Xander"]
[Black "Hungeling, Lisa"]
[Result "1-0"]
[WhiteElo "1536"]
[BlackElo "770"]
[PlyCount "35"]
[EventDate "2017.08.??"]

1. d4 e6 2. c4 d5 3. Nf3 c5 4. Bf4 Nc6 5. e3 Qb6 6. b3 Nf6 7. Be2 Be7 8. O-O
O-O 9. Nc3 Rd8 10. Na4 Qb4 11. Bc7 Rd7 12. a3 Qxa4 13. bxa4 Rxc7 14. Rc1 Bd6
15. cxd5 exd5 16. dxc5 Be7 17. Nd4 b6 18. cxb6 1-0

[Event "ONJK 2017 B"]
[Site "Borne, Netherlands"]
[Date "2017.08.08"]
[Round "3"]
[White "Nies, Levi"]
[Black "Honkoop, Mark"]
[Result "1-0"]
[WhiteElo "1351"]
[BlackElo "1733"]
[PlyCount "55"]
[EventDate "2017.08.??"]

1. e4 e5 2. Nf3 Nc6 3. Bc4 Bc5 4. c3 Nf6 5. d4 exd4 6. cxd4 Bb4+ 7. Nc3 Nxe4 8.
O-O Bxc3 9. d5 Ba5 10. dxc6 Nd6 11. Qd5 Nxc4 12. cxb7 Bxb7 13. Qxb7 c6 14. b4
Bc7 15. Re1+ Kf8 16. Qa6 Nb6 17. b5 c5 18. Bg5 f6 19. Be3 d6 20. Rad1 Qc8 21.
Qa3 Qg4 22. h3 Qf5 23. Nh4 Qh5 24. g3 Nc4 25. Qb3 Na5 26. Qa4 Kf7 27. Bd2 Nb7
28. b6 1-0

[Event "ONJK 2017 B"]
[Site "Borne, Netherlands"]
[Date "2017.08.08"]
[Round "3"]
[White "Keetelaar, Denny"]
[Black "Warmerdam, Ivo"]
[Result "0-1"]
[WhiteElo "937"]
[BlackElo "1537"]
[PlyCount "72"]
[EventDate "2017.08.??"]

1. e4 c5 2. c3 d5 3. exd5 Qxd5 4. Bb5+ Bd7 5. Bxd7+ Nxd7 6. Qf3 Ngf6 7. Qxd5
Nxd5 8. d4 e6 9. Nf3 cxd4 10. cxd4 Bb4+ 11. Bd2 Rc8 12. O-O O-O 13. Bxb4 Nxb4
14. Nc3 Nb6 15. Nb5 Rc2 16. a3 Nc6 17. b4 Rd8 18. Rac1 Ra2 19. Ra1 Rc2 20. Rac1
Ra2 21. Ra1 Rxa1 22. Rxa1 a6 23. Nc7 Rd7 24. Nxa6 bxa6 25. Rc1 Nxd4 26. Nxd4
Rxd4 27. g3 h6 28. Rc6 Nd5 29. Rxa6 Rd1+ 30. Kg2 Ra1 31. b5 Rb1 32. a4 Rb4 33.
Rc6 Rxa4 34. b6 Rb4 35. Rc8+ Kh7 36. Rf8 Kg6 0-1

[Event "ONJK 2017 B"]
[Site "Borne, Netherlands"]
[Date "2017.08.08"]
[Round "3"]
[White "Bruening, Silas"]
[Black "Zuurmond, Derek"]
[Result "1-0"]
[WhiteElo "1142"]
[BlackElo "1471"]
[PlyCount "40"]
[EventDate "2017.08.??"]

1. e4 c5 2. Nf3 Nc6 3. d4 cxd4 4. Nxd4 Nf6 5. Nc3 e5 6. Nb3 Bb4 7. f3 Bxc3+ 8.
bxc3 d5 9. exd5 Qxd5 10. Qxd5 Nxd5 11. Bb2 Bf5 12. O-O-O O-O-O 13. Bd3 Ne3 14.
Bxf5+ Nxf5 15. Rhe1 f6 16. Nc5 Rhe8 17. Ne4 Rxd1+ 18. Rxd1 Rd8 19. Rxd8+ Kxd8
20. g4 Nh4 {... beide notaties onleesbaar [47]} 1-0

[Event "ONJK 2017 B"]
[Site "Borne, Netherlands"]
[Date "2017.08.08"]
[Round "3"]
[White "Van Herreweghe, Jarno"]
[Black "Tiemens, Tygo"]
[Result "0-1"]
[WhiteElo "1365"]
[BlackElo "1015"]
[PlyCount "62"]
[EventDate "2017.08.??"]

1. d4 e5 2. e3 Qe7 3. dxe5 Qxe5 4. Nf3 Qf6 5. Nc3 Bb4 6. Bd2 Nc6 7. Bc4 Nge7 8.
e4 O-O 9. O-O d6 10. Nd5 Nxd5 11. exd5 Bxd2 12. Qxd2 Ne5 13. Nxe5 Qxe5 14. Rae1
Qf5 15. Re7 Qg6 16. h3 Bxh3 17. g3 Bxf1 18. Bxf1 Rac8 19. Bh3 Rfe8 20. Bxc8
Rxe7 21. Bxb7 Qe4 22. Qg5 Qe1+ 23. Kh2 Qxf2+ 24. Kh3 Qf1+ 25. Kh4 Re4+ 26. g4
Qf2+ 27. Kh5 g6+ 28. Kh6 Qh2+ 29. Qh5 gxh5 30. g5 Qe5 31. Bc8 Qg7+ 0-1

[Event "ONJK 2017 B"]
[Site "Borne, Netherlands"]
[Date "2017.08.08"]
[Round "3"]
[White "De Smedt, Lias"]
[Black "Hofstra, Tetske"]
[Result "1-0"]
[WhiteElo "1271"]
[BlackElo "894"]
[PlyCount "57"]
[EventDate "2017.08.??"]

1. e4 e5 2. Nf3 Nc6 3. Bc4 Nf6 4. Nc3 Bb4 5. d3 O-O 6. Bd2 d6 7. a3 Bxc3 8.
Bxc3 b6 9. O-O a5 10. Re1 Bg4 11. h3 Bxf3 12. Qxf3 Nd4 13. Bxd4 exd4 14. c3
dxc3 15. bxc3 h6 16. Rad1 c6 17. d4 Re8 18. Ba2 d5 19. exd5 Rxe1+ 20. Rxe1 cxd5
21. Re5 Qd6 22. Bxd5 Nxd5 23. Rxd5 Qe7 24. Re5 Qa7 25. Qe3 Qd7 26. Re7 Qa4 27.
Qf3 Re8 28. Qxf7+ Kh8 29. Qxg7# 1-0

[Event "ONJK 2017 B"]
[Site "Borne, Netherlands"]
[Date "2017.08.08"]
[Round "3"]
[White "Schalm, Jacob"]
[Black "Eelsingh, Janko"]
[Result "0-1"]
[WhiteElo "1018"]
[BlackElo "1202"]
[PlyCount "48"]
[EventDate "2017.08.??"]

1. e4 c5 2. Nc3 g6 3. g3 Bg7 4. Bg2 d6 5. d3 Nf6 6. Be3 Ng4 7. Nge2 Nxe3 8.
fxe3 O-O 9. O-O Nc6 10. h3 e5 11. Nd5 Be6 12. Nec3 Qd7 13. Qd2 Bxh3 14. Bxh3
Qxh3 15. Qh2 Qxh2+ 16. Kxh2 a6 17. Nb6 Rad8 18. Ncd5 Nb8 19. Nc4 b5 20. Nd2 Nd7
21. c3 Bh6 22. Rf3 Kh8 23. d4 cxd4 24. exd4 Bxd2 {... [62]} 0-1

[Event "ONJK 2017 B"]
[Site "Borne, Netherlands"]
[Date "2017.08.08"]
[Round "3.23"]
[White "Lindenaar, Katja"]
[Black "Meijer, Kim"]
[Result "0-1"]
[WhiteElo "855"]
[BlackElo "1106"]
[PlyCount "38"]
[EventDate "2017.08.??"]

1. e4 d5 2. exd5 Nf6 3. Nf3 Nxd5 4. Bc4 e6 5. O-O c5 6. Qe2 Nc6 7. Bxd5 Qxd5 8.
Nc3 Qd8 9. d3 Bd6 10. Ng5 O-O 11. Nce4 f6 12. Qh5 fxg5 13. Nxg5 h6 14. Nh3 Qf6
15. g4 Qf7 16. Qh4 Ne5 17. g5 Nf3+ 18. Kh1 Nxh4 19. gxh6 Qf3+ 0-1

[Event "ONJK 2017 B"]
[Site "Borne, Netherlands"]
[Date "2017.08.09"]
[Round "4.1"]
[White "Dai, Wenzhi"]
[Black "Gijsen, William"]
[Result "1-0"]
[WhiteElo "1899"]
[BlackElo "1856"]
[PlyCount "111"]
[EventDate "2017.08.??"]

1. e4 c6 2. d4 d5 3. Nc3 dxe4 4. Nxe4 Bf5 5. Ng3 Bg6 6. Nf3 e6 7. h4 h6 8. h5
Bh7 9. Bd3 Bxd3 10. Qxd3 Nf6 11. Bf4 Be7 12. O-O-O Nbd7 13. Kb1 Nd5 14. Bd2 b5
15. Ne4 a5 16. Ne5 Nxe5 17. dxe5 Qb8 18. Qg3 Kf8 19. f4 b4 20. Rhf1 f5 21. exf6
Bxf6 22. Nxf6 gxf6 23. Qg6 Qe8 24. f5 Qxg6 25. fxg6 Kg7 26. c4 bxc3 27. bxc3
Rhd8 28. Kc2 e5 29. c4 Ne7 30. Be3 Rxd1 31. Rxd1 Nf5 32. Rd7+ Kg8 33. Bf2 e4
34. g4 e3 35. Be1 Ng7 36. Re7 Rd8 37. Bc3 Rd6 38. Rxe3 Ne6 39. Bxf6 Nd4+ 40.
Kc3 Ne2+ 41. Rxe2 Rxf6 42. Re8+ Kg7 43. Re7+ Kg8 44. Kd4 Rf4+ 45. Re4 Rf2 46.
Kc5 Rxa2 47. Kxc6 Rb2 48. Re8+ Kg7 49. Re7+ Kg8 50. Ra7 Rg2 51. Rxa5 Rxg4 52.
Rc5 Kg7 53. Kb5 Rg2 54. Rf5 Rb2+ 55. Kc6 Rg2 56. c5 1-0

[Event "ONJK 2017 B"]
[Site "Borne, Netherlands"]
[Date "2017.08.09"]
[Round "4.2"]
[White "Merkon, Oseb"]
[Black "Van Randtwijk, Mick"]
[Result "0-1"]
[WhiteElo "1833"]
[BlackElo "1892"]
[PlyCount "160"]
[EventDate "2017.08.??"]

1. c4 e6 2. g3 Nf6 3. Bg2 Be7 4. Nc3 d6 5. d3 Nbd7 6. e4 O-O 7. Nge2 c5 8. O-O
a6 9. f4 Rb8 10. a4 b6 11. h3 Bb7 12. g4 h6 13. Ng3 Ne8 14. Be3 Nc7 15. Qd2 Ba8
16. Kh2 b5 17. axb5 axb5 18. b3 Bf6 19. Nh5 bxc4 20. Nxf6+ Qxf6 21. bxc4 Rb3
22. Ne2 Rb2 23. Qe1 Rfb8 24. Ra7 Qd8 25. h4 Rc2 26. Ra3 d5 27. cxd5 exd5 28. g5
Rbb2 29. Rf2 dxe4 30. dxe4 Nb6 31. Rc3 hxg5 32. hxg5 Ne6 33. Rxc2 Rxc2 34. Ng3
Qd3 35. Rxc2 Qxc2 36. Qc1 Qxc1 37. Bxc1 c4 38. f5 Nc5 39. Be3 Nbd7 40. e5 Bxg2
41. Kxg2 Kf8 42. Bd4 Nb3 43. Bc3 Nb6 44. Bb4+ Ke8 45. Ne4 Nd5 46. Be1 Ne3+ 47.
Kf3 Nxf5 48. Nd6+ Nxd6 49. exd6 Kd7 50. Bb4 Nd4+ 51. Ke4 Nb5 52. Kd5 c3 53. Kc4
c2 54. Bd2 Nxd6+ 55. Kd3 g6 56. Kxc2 Ne4 57. Bc1 Ke6 58. Kd3 Kf5 59. Ke2 Nxg5
60. Kf2 Kg4 61. Kg2 f5 62. Ba3 f4 63. Bc5 Nh3 64. Ba7 f3+ 65. Kf1 Kf4 66. Bb8+
Ke4 67. Bg3 g5 68. Bh2 g4 69. Bg3 Nf4 70. Kf2 Nh5 71. Bc7 g3+ 72. Kf1 Nf4 73.
Bb6 Nh3 74. Ba7 g2+ 75. Ke1 g1=Q+ 76. Bxg1 Nxg1 77. Kf2 Nh3+ 78. Kf1 Ke3 79.
Ke1 f2+ 80. Kf1 Ng5 0-1

[Event "ONJK 2017 B"]
[Site "Borne, Netherlands"]
[Date "2017.08.09"]
[Round "4.3"]
[White "Noordenbos, Daan"]
[Black "Baselmans, Luuk"]
[Result "1/2-1/2"]
[WhiteElo "1606"]
[BlackElo "1947"]
[PlyCount "62"]
[EventDate "2017.08.??"]

1. e4 e6 2. d4 d5 3. Nc3 Nf6 4. Bg5 Be7 5. e5 Nfd7 6. Bxe7 Qxe7 7. f4 a6 8. Nf3
c5 9. Qd2 Nc6 10. O-O-O O-O 11. Qf2 b5 12. dxc5 Nxc5 13. Bd3 b4 {Diagram #} 14.
Bxh7+ Kxh7 15. Ng5+ Kg8 16. Qh4 Qxg5 17. fxg5 bxc3 18. Rde1 cxb2+ 19. Kb1 d4
20. Rhf1 Na4 21. g6 fxg6 22. Rxf8+ Kxf8 23. Qh8+ Ke7 24. Qxg7+ Kd8 25. Rf1 Ne7
26. Rf8+ Kd7 27. Rf4 Nc3+ 28. Kxb2 Rb8+ 29. Ka3 Nb1+ 30. Ka4 Nc3+ 31. Ka3 Nb1+
1/2-1/2

[Event "ONJK 2017 B"]
[Site "Borne, Netherlands"]
[Date "2017.08.09"]
[Round "4.4"]
[White "Salem Elier, Ali"]
[Black "Verheyen, Olivier"]
[Result "0-1"]
[WhiteElo "1962"]
[BlackElo "1731"]
[PlyCount "76"]
[EventDate "2017.08.??"]

1. e4 e5 2. Nf3 Nc6 3. Bc4 Bc5 4. b4 Bxb4 5. c3 Bd6 6. d4 Nf6 7. Ng5 O-O 8. f4
exd4 9. e5 Bc5 10. exf6 Qxf6 11. Qh5 Qe7+ 12. Kd1 h6 13. Nxf7 Rxf7 14. Bxf7+
Qxf7 15. Qxc5 d6 16. Qb5 a6 17. Qb3 Be6 18. Qxb7 Bg4+ 19. Kc2 Qf5+ 20. Kb2 Rb8
21. Qxb8+ Nxb8 22. Bd2 Qb5+ 23. Kc1 Qa4 24. cxd4 Bf5 25. Kb2 Nc6 26. Na3 Qxd4+
27. Bc3 Qf2+ 28. Kc1 Qxf4+ 29. Kb2 Nb4 30. Raf1 Qe4 31. Ka1 Qd3 32. Rf3 Qe4 33.
Rhf1 Nd5 34. Bxg7 Kxg7 35. Rxf5 Qd4+ 36. Kb1 Qb4+ 37. Ka1 Qd4+ 38. Kb1 Qb4+ 0-1

[Event "ONJK 2017 B"]
[Site "Borne, Netherlands"]
[Date "2017.08.09"]
[Round "4.5"]
[White "Schelleman, Iris"]
[Black "Van Dongen, Sam"]
[Result "1/2-1/2"]
[WhiteElo "1730"]
[BlackElo "1856"]
[PlyCount "81"]
[EventDate "2017.08.??"]

1. e4 Nc6 2. d4 d5 3. exd5 Qxd5 4. Be3 e5 5. c4 Bb4+ 6. Nc3 Qa5 7. Nge2 Bf5 8.
d5 O-O-O 9. a3 Bxc3+ 10. Nxc3 Nd4 11. Bxd4 exd4 12. Qxd4 Nf6 13. Be2 Rhe8 14.
O-O Ne4 15. Nxe4 Rxe4 16. Qd1 Kb8 17. Qc2 Re5 18. Bd3 Bxd3 19. Qxd3 Rde8 20.
Rad1 Rd8 21. b4 Qa6 22. Rfe1 Rh5 23. Re3 Qd6 24. h3 Qf4 25. Rde1 a6 26. Qe4
Qxe4 27. Rxe4 Rf5 28. Kf1 c6 29. dxc6 Rd2 30. f3 bxc6 31. Re8+ Kc7 32. Ra8 Rg5
33. c5 Kb7 34. Rh8 a5 35. Re7+ Ka6 36. Ra8+ Kb5 37. Rxa5+ Kc4 38. Re2 Rxe2 39.
Kxe2 Rxg2+ 40. Kf1 Ra2 41. Ra7 1/2-1/2

[Event "ONJK 2017 B"]
[Site "Borne, Netherlands"]
[Date "2017.08.09"]
[Round "4.6"]
[White "Ghebreab, Elnathan"]
[Black "Vleming, Stefan"]
[Result "1/2-1/2"]
[WhiteElo "1837"]
[BlackElo "1652"]
[PlyCount "49"]
[EventDate "2017.08.??"]

1. e4 e6 2. Nf3 d5 3. e5 c5 4. b4 cxb4 5. a3 bxa3 6. d4 Nc6 7. c3 f6 8. Bxa3
Bxa3 9. Nxa3 fxe5 10. dxe5 a6 11. Nb5 Nh6 12. Nd6+ Ke7 13. Qd2 Nf7 14. Nxf7
Kxf7 15. Qf4+ Ke8 16. Bb5 Bd7 17. Bxc6 Bxc6 18. O-O Bb5 19. Rfb1 Rc8 20. Nd4
Rxc3 21. Nxe6 Qe7 22. Rxb5 axb5 23. Ra8+ Kd7 24. Rxh8 Qxe6 25. Rxh7 1/2-1/2

[Event "ONJK 2017 B"]
[Site "Borne, Netherlands"]
[Date "2017.09.08"]
[Round "4"]
[White "Hematyar, Fardin"]
[Black "Butzen, Robin"]
[Result "0-1"]
[WhiteElo "1612"]
[BlackElo "1825"]
[PlyCount "72"]
[EventDate "2017.08.??"]

1. Nc3 c5 2. e4 g6 3. f4 Bg7 4. Bc4 Nc6 5. Nf3 e6 6. O-O Nge7 7. d3 O-O 8. e5
f6 9. Qe2 Nf5 10. Be3 fxe5 11. fxe5 b6 12. Bg5 Qc7 13. Rae1 a6 14. a4 Bb7 15.
Bf4 h6 16. h3 g5 17. Bh2 Ncd4 18. Nxd4 Nxd4 19. Qd2 Rxf1+ 20. Kxf1 Rf8+ 21. Kg1
Rf5 22. Ne4 Bxe5 23. Bxe5 Qxe5 24. c3 Nc6 25. Nxg5 Qg3 26. Ne4 Qf4 27. Qxf4
Rxf4 28. g3 Rf3 29. Kg2 Ne5 30. Nd6 Rxd3+ 31. Nxb7 Nxc4 32. Re2 Ne3+ 33. Kf3
Nf5+ 34. Ke4 Rxg3 35. a5 bxa5 36. Nxc5 Rxh3 0-1

[Event "ONJK 2017 B"]
[Site "Borne, Netherlands"]
[Date "2017.09.08"]
[Round "4"]
[White "Heij, Abedin"]
[Black "Decruyenaere, Robbert"]
[Result "0-1"]
[WhiteElo "1594"]
[BlackElo "1818"]
[PlyCount "53"]
[EventDate "2017.08.??"]

1. d4 Nf6 2. c4 g6 3. Nc3 Bg7 4. Nf3 O-O 5. e3 d5 6. Be2 dxc4 7. Bxc4 c5 8. h3
a6 9. dxc5 Qa5 10. Qb3 Ne4 11. Bd2 Nxd2 12. Nxd2 Nd7 13. Nde4 Nxc5 14. Nxc5
Qxc5 15. O-O Bd7 16. Rac1 Bc6 17. Bd5 Rac8 18. Bxc6 Qxc6 19. Rfd1 b5 20. Ne2
Qb7 21. Nc3 e6 22. Na4 Qa7 23. Nc3 Rc7 24. Rc2 Rfc8 25. Rdc1 Rc4 26. Qa3 b4 27.
Nb5 0-1

[Event "ONJK 2017 B"]
[Site "Borne, Netherlands"]
[Date "2017.09.08"]
[Round "4"]
[White "Vitharana, Annelies"]
[Black "Damen, Sven"]
[Result "1/2-1/2"]
[WhiteElo "1789"]
[BlackElo "1544"]
[PlyCount "86"]
[EventDate "2017.08.??"]

1. e4 d6 2. d4 Nf6 3. Nc3 e5 4. Nf3 Nbd7 5. Bc4 Be7 6. O-O c6 7. Be3 b5 8. Bb3
Bb7 9. Nd2 O-O 10. Ne2 a6 11. c3 Re8 12. Ng3 Qc7 13. f4 c5 14. fxe5 dxe5 15. d5
c4 16. Bc2 Nc5 17. Nh5 Ncd7 18. Kh1 Nxh5 19. Qxh5 Nf6 20. Qf3 Rf8 21. Bd1 Bc8
22. Qg3 Ne8 23. Nf3 Bd6 24. Ng5 f6 25. Nf3 f5 26. Bg5 fxe4 27. Nd2 Rxf1+ 28.
Nxf1 Be7 29. Be3 Bb7 30. Bh5 Nf6 31. Bg4 Nxg4 32. Qxg4 Bxd5 33. Ng3 Kh8 34.
Nxe4 Bxe4 35. Qxe4 Rd8 36. Rf1 Bf6 37. h3 Qd6 38. Re1 Qd5 39. Qg4 Qd7 40. Qe4
a5 41. Bb6 Rb8 42. Bxa5 Qa7 43. Bb4 Rd8 1/2-1/2

[Event "ONJK 2017 B"]
[Site "Borne, Netherlands"]
[Date "2017.09.08"]
[Round "4"]
[White "Warmerdam, Ivo"]
[Black "Martinez, Anna"]
[Result "1-0"]
[WhiteElo "1537"]
[BlackElo "1837"]
[PlyCount "61"]
[EventDate "2017.08.??"]

1. e4 c5 2. Nf3 Nc6 3. Bb5 d6 4. Bxc6+ bxc6 5. d3 e5 6. h3 f5 7. exf5 Bxf5 8.
O-O h6 9. Re1 Be7 10. Nbd2 Nf6 11. Nf1 O-O 12. Ng3 Bd7 13. c3 Nd5 14. d4 cxd4
15. cxd4 exd4 16. Nxd4 Qc8 17. Qd3 Rf7 18. f4 Bh4 19. f5 Bxg3 20. Qxg3 Rf6 21.
Rf1 Kh8 22. b3 c5 23. Nf3 Bxf5 24. Nh4 Bh7 25. Bb2 Rxf1+ 26. Rxf1 Qd7 27. Qf3
Nb6 28. Qf7 Rg8 29. Ng6+ Bxg6 30. Qxg6 Qe8 31. Qxh6# 1-0

[Event "ONJK 2017 B"]
[Site "Borne, Netherlands"]
[Date "2017.09.08"]
[Round "4"]
[White "Resing, Marvin"]
[Black "Schaefer, Daniel"]
[Result "0-1"]
[WhiteElo "1534"]
[BlackElo "1792"]
[PlyCount "94"]
[EventDate "2017.08.??"]

1. e4 e6 2. d4 d5 3. exd5 exd5 4. Bf4 Bd6 5. Bxd6 Qxd6 6. Nf3 Bf5 7. Bd3 Bxd3
8. Qxd3 Nf6 9. O-O O-O 10. Nbd2 Nbd7 11. Rfe1 Rfe8 12. c3 c5 13. Qf5 Rac8 14.
Rac1 h6 15. h3 cxd4 16. cxd4 Rxc1 17. Rxc1 Ne4 18. Re1 Ndf6 19. Nxe4 dxe4 20.
Nh2 Qxd4 21. Nf1 Qxb2 22. Qa5 Qb6 23. Qa4 Qc5 24. Rd1 b5 25. Qa5 Rc8 26. Ne3 b4
27. Qa4 a5 28. Rb1 Rb8 29. a3 Qb5 30. Qb3 Qd3 31. Qxd3 exd3 32. axb4 axb4 33.
Kf1 Kf8 34. f3 Ke7 35. Rb3 Ke6 36. Ke1 Nd5 37. Rxd3 Nxe3 38. Rxe3+ Kd5 39. Rb3
Kc4 40. Rb1 Kc3 41. Rc1+ Kb2 42. Rc7 b3 43. Kd2 Rd8+ 44. Ke3 Kb1 45. Rxf7 b2
46. Ra7 Rd5 47. Rb7 Ka2 0-1

[Event "ONJK 2017 B"]
[Site "Borne, Netherlands"]
[Date "2017.09.08"]
[Round "4"]
[White "Bilecen, Simon"]
[Black "Nies, Levi"]
[Result "1-0"]
[WhiteElo "1619"]
[BlackElo "1351"]
[PlyCount "71"]
[EventDate "2017.08.??"]

1. d4 d5 2. Nf3 Nf6 3. Bf4 g6 4. e3 Bg7 5. Bd3 O-O 6. h3 Bd7 7. Nbd2 Qc8 8. O-O
Bf5 9. Bxf5 Qxf5 10. Bxc7 Rc8 11. Bxb8 Raxb8 12. c3 b5 13. Nb3 Ne4 14. Nfd2 b4
15. Nxe4 Qxe4 16. Nc5 Qf5 17. Na6 Rb6 18. Nxb4 a5 19. Nd3 e6 20. Rb1 Bf8 21.
Ne5 Bd6 22. Qf3 Qxf3 23. Nxf3 Rcb8 24. b3 Rc8 25. Rfc1 Rbc6 26. c4 dxc4 27. Nd2
cxb3 28. Nxb3 a4 29. Rxc6 Rxc6 30. Rc1 Rxc1+ 31. Nxc1 Kf8 32. Kf1 Ke7 33. Ke2
Ba3 34. Nd3 Kd6 35. Ne5 f5 36. Nc4+ 1-0

[Event "ONJK 2017 B"]
[Site "Borne, Netherlands"]
[Date "2017.09.08"]
[Round "4"]
[White "Kroon, Gerbrich"]
[Black "Bruening, Silas"]
[Result "1/2-1/2"]
[WhiteElo "1467"]
[BlackElo "1142"]
[PlyCount "40"]
[EventDate "2017.08.??"]

1. e4 c5 2. Nf3 d6 3. g3 Nf6 4. d3 e6 5. Bg2 Be7 6. O-O O-O 7. c3 Qc7 8. Re1
Nbd7 9. d4 cxd4 10. cxd4 e5 11. Nc3 a6 12. h3 b5 13. a3 Bb7 14. Qd3 Rac8 15.
Bd2 Nb6 16. b3 Rfe8 17. Rac1 Qb8 18. Qe3 Nbd7 19. g4 Bd8 20. Qd3 h6 1/2-1/2

[Event "ONJK 2017 B"]
[Site "Borne, Netherlands"]
[Date "2017.09.08"]
[Round "4"]
[White "Eelsingh, Janko"]
[Black "Kanbier, Guy"]
[Result "1-0"]
[WhiteElo "1202"]
[BlackElo "1487"]
[PlyCount "69"]
[EventDate "2017.08.??"]

1. d4 d5 2. Bf4 e6 3. Nf3 Nc6 4. e3 a6 5. c3 Nf6 6. Nbd2 Be7 7. Bd3 Nh5 8. Bg3
Nxg3 9. hxg3 h6 10. Ne5 Qd6 11. f4 Nxe5 12. fxe5 Qb6 13. Nb3 Bd7 14. Qf3 Rf8
15. O-O O-O-O 16. Bc2 Bg5 17. a4 Be7 18. a5 Qc6 19. Bd3 f6 20. Qe2 f5 21. Rfc1
g5 22. c4 Be8 23. cxd5 Qxd5 24. Bc4 Qc6 25. Rc2 Kb8 26. Rac1 Rc8 27. Rd1 Bg6
28. d5 exd5 29. Bxd5 Qa4 30. Rd4 Qe8 31. Nc5 c6 32. Bb3 f4 33. Rb4 Bxc2 34.
Rxb7+ Ka8 35. Qxa6# 1-0

[Event "ONJK 2017 B"]
[Site "Borne, Netherlands"]
[Date "2017.09.08"]
[Round "4"]
[White "Vermet, Thomas"]
[Black "Thienpont, Xander"]
[Result "1-0"]
[WhiteElo "1137"]
[BlackElo "1443"]
[PlyCount "98"]
[EventDate "2017.08.??"]

1. e4 e5 2. Nf3 Nc6 3. Bc4 Bc5 4. c3 Bb6 5. d3 h6 6. O-O Nf6 7. Re1 d6 8. h3
O-O 9. Nbd2 Re8 10. Nf1 Be6 11. Bxe6 fxe6 12. Ng3 Qe7 13. Be3 Bxe3 14. Rxe3 Qf7
15. Qd2 Rad8 16. Rae1 Nh5 17. Nxh5 Qxh5 18. d4 exd4 19. cxd4 d5 20. exd5 exd5
21. Ne5 Rd6 22. Nxc6 Rxe3 23. Rxe3 Rxc6 24. Rc3 Rxc3 25. Qxc3 Qd1+ 26. Kh2 c6
27. Qc5 Qa4 28. a3 Qb3 29. Qc3 Qxc3 30. bxc3 Kf7 31. Kg3 Kf6 32. Kg4 g6 33. f4
b6 34. Kf3 c5 35. dxc5 bxc5 36. Ke3 g5 37. g3 gxf4+ 38. Kxf4 a6 39. h4 h5 40.
g4 hxg4 41. Kxg4 d4 42. cxd4 cxd4 43. Kf4 d3 44. Ke3 Kf5 45. Kxd3 Kg4 46. Kc4
Kxh4 47. Kc5 Kg4 48. Kb6 Kf5 49. Kxa6 Ke4 1-0

[Event "ONJK 2017 B"]
[Site "Borne, Netherlands"]
[Date "2017.09.08"]
[Round "4"]
[White "Meijer, Kim"]
[Black "Segers, Job"]
[Result "0-1"]
[WhiteElo "1106"]
[BlackElo "1427"]
[PlyCount "80"]
[EventDate "2017.08.??"]

1. e4 e5 2. Nf3 Nc6 3. d4 exd4 4. Nxd4 Bc5 5. Be3 Qf6 6. c3 Nge7 7. Bc4 d6 8.
O-O Ne5 9. Bb3 Bg4 10. f3 Bd7 11. Qd2 h6 12. f4 Ng4 13. h3 Nxe3 14. Qxe3 Nc6
15. Rd1 O-O-O 16. Bc2 Rhe8 17. b4 Bb6 18. a4 Nxd4 19. cxd4 c5 20. Qc3 Qxf4 21.
bxc5 dxc5 22. dxc5 Bc7 23. g3 Qxg3+ 24. Qxg3 Bxg3 25. Ra3 Bh4 26. Nd2 Bc6 27.
Rd3 Rxd3 28. Bxd3 Bxa4 29. Ra1 Rd8 30. Ra3 Bc6 31. Nf3 Be7 32. Rc3 Bxc5+ 33.
Kh2 Bb4 34. Rb3 Bd6+ 35. Kg2 Re8 36. Rc3 Kb8 37. Rc4 Bb5 38. Rd4 Bc5 39. Rd5
Bxd3 40. Rxd3 Rxe4 0-1

[Event "ONJK 2017 B"]
[Site "Borne, Netherlands"]
[Date "2017.09.08"]
[Round "4"]
[White "Van Aken, Jelmer"]
[Black "Hungeling, Lisa"]
[Result "1-0"]
[WhiteElo "1395"]
[BlackElo "770"]
[PlyCount "65"]
[EventDate "2017.08.??"]

1. e4 e6 2. d4 d5 3. exd5 exd5 4. Nf3 Nc6 5. Bb5 Nge7 6. Ne5 Bd7 7. Nxd7 Qxd7
8. O-O Nf5 9. c3 a6 10. Ba4 Bd6 11. Re1+ Be7 12. Bc2 O-O 13. Qh5 g6 14. Bxf5
Qxf5 15. Qxf5 gxf5 16. Bf4 Rac8 17. Nd2 Rfe8 18. Re3 Bf6 19. Rxe8+ Rxe8 20.
Bxc7 Bg5 21. f4 Re2 22. Nf3 Bh6 23. Rb1 Ne7 24. Kf1 Re4 25. Re1 Rxe1+ 26. Nxe1
Ng6 27. Nd3 Nh4 28. Nb4 Kg7 29. Nxd5 Kg6 30. Kf2 Bg7 31. g3 Kh5 32. gxh4 Kxh4
33. Ne3 1-0

[Event "ONJK 2017 B"]
[Site "Borne, Netherlands"]
[Date "2017.09.08"]
[Round "4"]
[White "Tiemens, Tygo"]
[Black "De Smedt, Lias"]
[Result "1-0"]
[WhiteElo "1015"]
[BlackElo "1271"]
[PlyCount "61"]
[EventDate "2017.08.??"]

1. e4 e5 2. Nf3 Nc6 3. Bc4 Bc5 4. Nc3 Nf6 5. O-O d6 6. d3 Bg4 7. h3 Bh5 8. Nd5
Nxd5 9. Bxd5 Nd4 10. g4 Bg6 11. Nxd4 Bxd4 12. Bxb7 Rb8 13. Bc6+ Kf8 14. c3 Bb6
15. Qf3 Qh4 16. Be3 f6 17. d4 Ke7 18. Qg3 Qxg3+ 19. fxg3 Be8 20. Bd5 g5 21. Rf3
c6 22. Bc4 Bf7 23. Bxf7 Kxf7 24. Raf1 Bd8 25. Bxg5 Rxb2 26. Bxf6 Bxf6 27. Rxf6+
Ke7 28. Rf7+ Ke8 29. Rxa7 exd4 30. Ra8+ Kd7 31. Rxh8 1-0

[Event "ONJK 2017 B"]
[Site "Borne, Netherlands"]
[Date "2017.09.08"]
[Round "4"]
[White "Hofstra, Remmelt"]
[Black "Zuurmond, Derek"]
[Result "0-1"]
[WhiteElo "815"]
[BlackElo "1471"]
[PlyCount "30"]
[EventDate "2017.08.??"]

1. e4 c5 2. e5 Nc6 3. Nf3 d6 4. d4 cxd4 5. Bb5 Bg4 (5... Qa5+) 6. exd6 Qxd6 7.
Qxd4 Bxf3 8. Qxd6 exd6 9. gxf3 Nf6 10. Nc3 Be7 11. Bd2 O-O 12. Rg1 Nd4 13. Bh6
Nxf3+ 14. Kf1 Nxg1 15. Kxg1 gxh6 0-1

[Event "ONJK 2017 B"]
[Site "Borne, Netherlands"]
[Date "2017.09.08"]
[Round "4"]
[White "Honkoop, Mark"]
[Black "Keetelaar, Denny"]
[Result "1-0"]
[WhiteElo "1733"]
[BlackElo "937"]
[PlyCount "51"]
[EventDate "2017.08.??"]

1. e4 e5 2. Nf3 Nc6 3. Nc3 Nf6 4. Bb5 d6 5. d4 Bd7 6. O-O Nxd4 7. Nxd4 exd4 8.
Bxd7+ Qxd7 9. Qxd4 Be7 10. Re1 O-O 11. b3 Ng4 12. Nd5 c5 13. Qd2 Rfe8 14. Bb2
Ne5 15. Bxe5 dxe5 16. Nf6+ Bxf6 17. Qxd7 b6 18. Rad1 Red8 19. Qg4 Rd4 20. c3
Rxd1 21. Rxd1 g6 22. Qd7 a5 23. Qc6 Rb8 24. Qxf6 b5 25. Rd8+ Rxd8 26. Qxd8+ 1-0